Simpsons characters by quote - Statistics

General Stats
  • This quiz has been taken 14 times
  • The average score is 3 of 10
Answer Stats
Hint Answer % Correct
Careful, that's how I bankrupted a pizza hut Homer
100%
... Is there laxative in the punch bowl? Well yes, but their doctor's prescribed It. Bart
73%
Don't let these feathery fellasRuffle your feathers fella Ned
36%
I'm going to Dizzy land Ralph
36%
Yes, it's me with the Gomer PyleVoice and the surprisingly good Singing Frink
18%
Let's drop him in the woods and see if he can find his way back Patty
18%
The hole has been filled by The thing it fears most, stuff! Quimby
18%
Like all physical therapistsNigel was actually a Russian spy Wiggun
18%
It's the ugly people from the cube Mr. Burns
9%
Because I was trying to kill you(Skinner) Willie
9%
No matching quizzes found
Score Distribution
Percent of People with Each Score
Percentile by Number Answered
Your Score History
You have not taken this quiz